00481nam a2200145Ia 4500008004100000041000800041082001200049100001500061245004500076260003700121300003100158365001100189999001700200952011800217240624s9999 xx 000 0 und d aeng a363 RAM aRAMANA P V aNAXAL CHALLENGE CAUSES LINKAGES AND POLI c2008aNew DelhibPearson Longman axvi, : 240 : p. : cm. ; 23 cRSb30 c15660d15660 00104070aIMTNbIMTNcRack 16-Ad2010-09-08eAPg550.00o363 RAMp15660r2024-06-24 00:00:00t1w2024-06-24yBK